| 000 | 00853nam a22001937a 4500 | ||
|---|---|---|---|
| 005 | 20251108165815.0 | ||
| 008 | 250721s1974 xx 000 0 ara d | ||
| 082 | 1 | 4 | _aم/507.8/جمع |
| 245 | 1 | 0 | _aدليل العلوم في عمل و تركيب الأدوات والأجهزة المخبرية / |
| 264 | 1 |
_aعمان : _bالجمعية العلمية الملكية - دائرة التربية وقسم النشر، _c1974. |
|
| 300 | _a3ج | ||
| 500 | _aالمتويات ج1- الأحياء ج2- الكيمياء ج3 - الفيزياء | ||
| 650 | 1 | 7 | _aالعلم |
| 650 | 1 | 7 | _aالتدريس |
| 650 | 1 | 7 | _aالأجهزة والدوات العلمية و التكنولوجية |
| 710 | 2 |
_aالجمعية العلمية الملكية - دائرة التربية وقسم النشر _eتاليف |
|
| 942 |
_2ddc _cREF |
||
| 999 |
_c31789 _d31789 |
||